| 000 | 00662am a2200241a 44500 | ||
|---|---|---|---|
| 003 | AR-BaBNM | ||
| 005 | 20251128211029.0 | ||
| 008 | 232020s1990 #AR|||||||||||000 | ing|| | ||
| 020 | _a0-521-27315-3 | ||
| 040 | _cAR-BaBNM | ||
| 100 | 1 | _aLynch, Tony | |
| 245 | 1 | 0 |
_aStudy listening understanding lectures and talks in english _bguide for teachers and self-study |
| 250 | _a1st ed. | ||
| 260 |
_aCambridge _bCambridge University Press _c1990 |
||
| 300 | _a92 p. | ||
| 650 | 4 | _aENSEĆANZA DE IDIOMAS | |
| 650 | 4 | _aINGLES | |
| 650 | 4 | _aLENGUA EXTRANJERA | |
| 650 | 4 | _aACTIVIDADES DE APRENDIZAJE | |
| 650 | 4 | _aADULTOS | |
| 942 | _cBK | ||
| 998 | _craquel | ||
| 999 |
_c17965 _d17965 |
||